[Event "Boksburg Inter Region-ch"]
[Site "Boksburg"]
[Date "2016.12.23"]
[Round "7.3"]
[White "Steyn, Alicia"]
[Black "Mathamela, George"]
[Result "0-1"]
[WhiteElo "1396"]
[BlackElo "1318"]
[PlyCount "153"]
[EventDate "2016.12.20"]
[EventType "team-swiss"]
[EventRounds "7"]
[EventCountry "RSA"]
[SourceTitle "CBM 176 Extra"]
[Source "ChessBase"]
[SourceDate "2017.03.02"]
[SourceVersion "1"]
[SourceVersionDate "2017.03.02"]
[SourceQuality "1"]
[WhiteTeam "Queens"]
[BlackTeam "Northern Cape"]
[WhiteTeamCountry "RSA"]
[BlackTeamCountry "RSA"]

1. e4 c5 2. Nc3 g6 3. f4 Bg7 4. Nf3 d6 5. Bc4 Nc6 6. d3 a6 7. a3 Nf6 8. 0-0 Bg4 9. Qe1 b5 10. Ba2 Bxf3 11. Rxf3 Nd4 12. Rf2 0-0 13. h3 e6 14. g4 b4 15. axb4 cxb4 16. Nd1 Qb6 17. Be3 Nd7 18. c3 bxc3 19. bxc3 Qc6 20. cxd4 Qa4 21. Nb2 Qc6 22. Rc1 Qb7 23. Nc4 d5 24. Nd6 Qb8 25. e5 Qd8 26. Rfc2 a5 27. Bd2 Qb6 28. Be3 Qa6 29. Qe2 Rab8 30. Rc6 Qa8 31. h4 a4 32. R1c3 Nb6 33. Rc7 Qa5 34. Bd2 Qb4 35. R3c4 Qb2 36. Rc2 Qxd4+ 37. Be3 Qb4 38. d4 Na8 39. Rc8 a3 40. Rxb8 Rxb8 41. Rc8+ Rxc8 42. Nxc8 Bf8 43. Qd2 Qb8 44. Qc2 Nb6 45. Nxb6 Qxb6 46. Qb3 Qa5 47. Kf2 Bb4 48. Ke2 Kf8 49. Qc2 Bc3 50. Bd2 Qb5+ 51. Qd3 Qb2 52. Qxc3 Qxa2 53. Kd1 Qb1+ 54. Ke2 a2 55. Qa3+ Kg7 56. Bc3 Qc2+ 57. Ke1 Qb1+ 58. Kd2 Qf1 59. Bb2 Qxf4+ 60. Kc3 Qxg4 61. Qxa2 Qxh4 62. Qb1 Qg4 63. Qf1 Qh4 64. Kb4 Qe7+ 65. Ka5 Qa7+ 66. Qa6 Qxa6+ 67. Kxa6 h5 68. Bc1 f6 69. Bf4 g5 70. exf6+ Kxf6 71. Be5+ Kf5 72. Kb5 h4 73. Kb4 g4 74. Kc3 Ke4 75. Kd2 Kf3 76. Ke1 Kg2 77. Ke2 0-1

[Event "Boksburg Inter Region-ch"]
[Site "Boksburg"]
[Date "2016.12.21"]
[Round "3.3"]
[White "Mathamela, George"]
[Black "De Jager, Cornelius"]
[Result "1/2-1/2"]
[WhiteElo "1318"]
[BlackElo "1324"]
[PlyCount "107"]
[EventDate "2016.12.20"]
[EventType "team-swiss"]
[EventRounds "7"]
[EventCountry "RSA"]
[SourceTitle "CBM 176 Extra"]
[Source "ChessBase"]
[SourceDate "2017.03.02"]
[SourceVersion "1"]
[SourceVersionDate "2017.03.02"]
[SourceQuality "1"]
[WhiteTeam "Northern Cape"]
[BlackTeam "King Attackers"]
[WhiteTeamCountry "RSA"]
[BlackTeamCountry "RSA"]

1. e4 e5 2. Nf3 Nf6 3. Bc4 Nc6 4. d4 exd4 5. e5 Ng4 6. Bxf7+ Kxf7 7. Ng5+ Kg8 8. Qxg4 h6 9. Nf3 d6 10. e6 Qf6 11. 0-0 Ne5 12. Nxe5 dxe5 13. Qe4 Qxe6 14. Nd2 Qf5 15. Re1 Qxe4 16. Rxe4 Bf5 17. Rxe5 Bxc2 18. Nf3 d3 19. Bd2 c5 20. Rae1 Bd6 21. Rd5 Rd8 22. Re6 Bxh2+ 23. Kxh2 Rxd5 24. Re7 b5 25. Bc3 Rh7 26. Ne5 Rxe5 27. Rxe5 Kf7 28. Rxc5 g5 29. Rxb5 Ke6 30. b3 Rc7 31. Bd2 Bb1 32. Be3 Bxa2 33. Kg3 Rc2 34. b4 d2 35. Bxd2 Rxd2 36. Ra5 Bc4 37. Rxa7 Kf5 38. Rc7 Be6 39. Rc5+ Kf6 40. Rb5 h5 41. f3 h4+ 42. Kh2 Bd5 43. Kg1 Ke5 44. Rc5 g4 45. fxg4 Rxg2+ 46. Kf1 Rxg4 47. b5 Kd6 48. Rc8 Bc4+ 49. Kf2 Bxb5 50. Rh8 Bd7 51. Rh6+ Be6 52. Kf3 Ke5 53. Rxe6+ Kxe6 54. Kxg4 1/2-1/2